[Event "Reykjavik Open 2025"]
[Site "Reykjavik"]
[Date "2025.04.15"]
[Round "9.56"]
[White "Akesson, Ralf"]
[Black "Patel, Zain"]
[Result "1-0"]
[WhiteElo "2361"]
[WhiteFideId "1700120"]
[BlackElo "2079"]
[BlackFideId "469246"]
[Variant "Standard"]
[StudyName "ROpen 2025 - Rd9 - Boards 45-108"]
1. Nf3 Nf6 2. c4 e6 3. g3 d5 4. Bg2 dxc4 5. Qa4+ Nbd7 6. Qxc4 a6 7. Qc2 c5 8. a4 Be7 9. O-O O-O 10. a5 Nd5 11. d3 N7f6 12. Nbd2 Bd7 13. Nc4 Rc8 14. Qb3 Qc7 15. e4 Nb4 16. Bf4 Qd8 17. Nb6 Bb5 18. Nxc8 Qxc8 19. Ne5 Bxd3 20. Nxd3 c4 21. Qxb4 Bxb4 22. Nxb4 Qc5 23. Nc2 c3 24. b4 Qb5 25. Rfe1 Qc4 26. Bd6 Rd8 27. Ne3 Qb5 28. e5 Nd5 29. Bf1 Qc6 30. Rac1 h6 31. Bc5 Nxe3 32. Rxe3 c2 33. Re2 Rd1 34. Rexc2 Qd5 35. Rxd1 Qxd1 36. Rc4 Qe1 37. Rd4 Qxe5 38. Rd8+ Kh7 39. Rd7 Qb8 40. Rxf7 e5 41. Bd3+ 1-0

[Event "Reykjavik Open 2025"]
[Site "Reykjavik"]
[Date "2025.04.15"]
[Round "9.57"]
[White "Wartiovaara, Oliver"]
[Black "Borne, Niels"]
[Result "1-0"]
[WhiteElo "2359"]
[WhiteTitle "FM"]
[WhiteFideId "513024"]
[BlackElo "2071"]
[BlackTitle "FM"]
[BlackFideId "602876"]
[Variant "Standard"]
[StudyName "ROpen 2025 - Rd9 - Boards 45-108"]
1. d4 Nf6 2. c4 e6 3. Nf3 b6 4. g3 Bb4+ 5. Bd2 Be7 6. Bg2 Bb7 7. Nc3 c6 8. e4 d5 9. exd5 cxd5 10. Ne5 O-O 11. Qa4 Qc8 12. cxd5 Nxd5 13. Nxd5 Bxd5 14. Bxd5 exd5 15. O-O Bd6 16. Rac1 Qb7 17. Rfe1 Na6 18. b4 b5 19. Qb3 Nc7 20. Nd7 Rfe8 21. Nc5 Rxe1+ 22. Rxe1 Qc6 23. Qf3 Re8 24. Rc1 Bf8 25. Qd3 Qg6 26. Qxg6 hxg6 27. Be3 Rd8 28. Nd3 Ne6 29. a3 Be7 30. Rc6 Bf6 31. Kg2 Kf8 32. Nc5 Re8 33. Rd6 Rd8 34. Rxe6 fxe6 35. Nxe6+ Kf7 36. Nxd8+ Bxd8 37. Kf3 a5 38. Bd2 axb4 39. Bxb4 Ke6 40. Kg4 Bf6 41. Bc5 Bd8 42. Kf4 Bf6 43. Ke3 Bd8 44. Kd3 Ba5 45. Bb4 Bb6 46. Bf8 Kf7 47. Bd6 Ba5 48. f4 Ke6 49. Be5 Kf7 50. Kc2 Bb6 51. Kb3 Ba5 52. a4 bxa4+ 53. Kxa4 1-0

[Event "Reykjavik Open 2025"]
[Site "Reykjavik"]
[Date "2025.04.15"]
[Round "9.58"]
[White "Muetsch, Annmarie"]
[Black "Monteverde, Jonathan"]
[Result "1/2-1/2"]
[WhiteElo "2329"]
[WhiteTitle "WIM"]
[WhiteFideId "12971367"]
[BlackElo "2067"]
[BlackFideId "1314580"]
[Variant "Standard"]
[StudyName "ROpen 2025 - Rd9 - Boards 45-108"]
1. e4 c5 2. Nf3 d6 3. Bb5+ Nd7 4. O-O a6 5. Bd3 Ngf6 6. Re1 e6 7. c3 b5 8. Bc2 c4 9. d4 cxd3 10. Qxd3 Nc5 11. Qe2 Bb7 12. a4 bxa4 13. e5 dxe5 14. Nxe5 Qd5 15. f3 Bd6 16. Nd2 Qxe5 17. Qxe5 Bxe5 18. Rxe5 Nfd7 19. Rg5 O-O 20. Nc4 Bd5 21. Na5 Nb3 22. Bxb3 Bxb3 23. Nxb3 axb3 24. Rga5 Nb6 25. Rxa6 Rxa6 26. Rxa6 Nc4 27. f4 g5 28. Kf2 gxf4 29. Ke2 Rd8 30. Ra4 Ne5 31. Rd4 Rxd4 32. cxd4 Nc6 33. Kd3 Nb4+ 34. Kc4 Nd5 35. Kxb3 Kf8 36. Kc4 Ke7 37. Kd3 Kd6 38. Bd2 f5 39. Ke2 Nb6 40. Bxf4+ Kd5 41. Kd3 Nc8 42. b3 Na7 43. Bd2 Nb5 44. Bc3 Na7 45. Ke3 Nb5 46. Kd3 Na7 47. g3 Nb5 48. Bb2 Na7 49. Bc1 Nc6 50. Be3 Nb4+ 51. Kc3 Nc6 52. b4 Na7 53. Kd3 Nb5 54. h3 h5 55. h4 Nd6 56. Bf4 Nb5 57. Be5 Na3 58. Bf6 Nb5 59. Ke3 Nc3 60. Be5 Kc4 61. Kf4 Ne4 62. Bg7 Kxb4 63. Ke5 Nxg3 64. Kxe6 f4 65. d5 f3 66. Bd4 Ne2 67. Bf2 Nf4+ 68. Kf5 Nxd5 69. Ke4 Ne7 70. Kxf3 Nf5 71. Kf4 Nxh4 1/2-1/2

[Event "Reykjavik Open 2025"]
[Site "Reykjavik"]
[Date "2025.04.15"]
[Round "9.59"]
[White "Bhagat, Kush"]
[Black "Gavran, Marinko"]
[Result "1/2-1/2"]
[WhiteElo "2301"]
[WhiteFideId "46672940"]
[BlackElo "2054"]
[BlackFideId "14524848"]
[Variant "Standard"]
[StudyName "ROpen 2025 - Rd9 - Boards 45-108"]
1. e4 d5 2. exd5 Nf6 3. d4 Bg4 4. Nf3 Qxd5 5. Be2 e6 6. h3 Bh5 7. O-O c5 8. Nc3 Qd8 9. dxc5 Qxd1 10. Rxd1 Bxc5 11. Nb5 Na6 12. Nd6+ Bxd6 13. Bxa6 O-O-O 14. Be2 Bc5 15. Be3 Bxe3 16. fxe3 Rxd1+ 17. Rxd1 Rd8 18. g4 Rxd1+ 19. Bxd1 Bg6 20. Ne5 1/2-1/2

[Event "Reykjavik Open 2025"]
[Site "Reykjavik"]
[Date "2025.04.15"]
[Round "9.61"]
[White "Fodor, Balazs"]
[Black "Cigan, Jason"]
[Result "1/2-1/2"]
[WhiteElo "2206"]
[WhiteFideId "741850"]
[BlackElo "2044"]
[BlackFideId "2064022"]
[Variant "Standard"]
[StudyName "ROpen 2025 - Rd9 - Boards 45-108"]
1. e4 e5 2. Nf3 Nc6 3. Bc4 Nf6 4. Ng5 d5 5. exd5 Na5 6. Bb5+ c6 7. dxc6 bxc6 8. Qf3 cxb5 9. Qxa8 Qc7 10. Qf3 Nc6 11. c3 Bg4 12. Qg3 Nd4 13. Na3 Ne2 14. Nxb5 Qc5 15. d4 Nxg3 16. dxc5 Nxh1 17. Be3 Nd5 18. b4 a6 19. Na3 Be7 20. Nf3 Bxf3 21. gxf3 Nxc3 22. Rc1 Nd5 23. Nc2 f5 24. Ke2 f4 25. Bd2 Nxf2 26. Kxf2 Kd7 27. Ke2 Kc6 28. a4 Rb8 29. Kd3 Rd8 30. Ke2 Rb8 31. Kd3 Rd8 32. Ke2 1/2-1/2

[Event "Reykjavik Open 2025"]
[Site "Reykjavik"]
[Date "2025.04.15"]
[Round "9.62"]
[White "Kracht, Raphael"]
[Black "Deboushnik, De"]
[Result "0-1"]
[WhiteElo "2196"]
[WhiteFideId "16214382"]
[BlackElo "2038"]
[BlackFideId "25768778"]
[Variant "Standard"]
[StudyName "ROpen 2025 - Rd9 - Boards 45-108"]
1. e4 c6 2. d4 d5 3. f3 Qb6 4. Nc3 dxe4 5. fxe4 e5 6. Nf3 exd4 7. Nxd4 h5 8. Be2 Bg4 9. Bxg4 hxg4 10. Qd3 Nd7 11. Bf4 Nc5 12. Qc4 Qa6 13. Qxa6 Nxa6 14. O-O-O g6 15. e5 Bh6 16. Bxh6 Nxh6 17. Ne4 Ke7 18. h4 gxh3 19. Rxh3 Ng4 20. Rb3 Rab8 21. e6 f5 22. Ng5 Rh5 23. Ndf3 Nf6 24. Nh3 Nc5 25. Re3 Nce4 26. Ne5 g5 27. Rb3 Rc8 28. Rxb7+ Kxe6 29. Nf3 Nd5 30. Nd4+ Ke5 31. Ng1 g4 32. Nge2 c5 33. Nb5 Ne3 34. Rg1 Rd8 35. Nbc3 Nxc3 36. bxc3 Re8 37. g3 Rh2 38. Nf4 Rxc2+ 39. Kb1 Rxc3 40. Re1 Ke4 41. Ng2 Kf3 42. Nxe3 Rexe3 43. Rf1+ Kxg3 44. Rxf5 Rf3 45. Rg5 Rc4 46. Rxa7 Kf2 47. Rd7 g3 48. Rd2+ Ke3 49. Rd1 Ke2 50. Rg1 Rcc3 51. Re5+ Kf2 52. Ree1 g2 53. Kb2 Rce3 54. Rc1 Re2+ 55. Ka1 Ra3 56. Kb1 Raxa2 57. Rc2 Ra1+ 0-1

[Event "Reykjavik Open 2025"]
[Site "Reykjavik"]
[Date "2025.04.15"]
[Round "9.64"]
[White "Mannion, Stephen R"]
[Black "Divry, Alexandre"]
[Result "1/2-1/2"]
[WhiteElo "2180"]
[WhiteFideId "2400111"]
[BlackElo "2036"]
[BlackFideId "16286006"]
[Variant "Standard"]
[StudyName "ROpen 2025 - Rd9 - Boards 45-108"]
1. e4 c6 2. d4 d5 3. e5 c5 4. dxc5 e6 5. Nf3 Bxc5 6. Bd3 f6 7. O-O Nc6 8. exf6 Nxf6 9. c4 dxc4 10. Bxc4 Qxd1 11. Rxd1 Ne4 12. Rf1 Nd4 13. Nbd2 b5 14. Bd3 O-O 15. Nxe4 Bb6 16. Be3 Bd7 17. Rac1 Rad8 18. Nc5 Bc8 19. Rfd1 e5 20. b4 h6 21. h3 a6 22. a3 Rf7 1/2-1/2

[Event "Reykjavik Open 2025"]
[Site "Reykjavik"]
[Date "2025.04.15"]
[Round "9.65"]
[White "Gudmundsson, Gunnar Erik"]
[Black "Ornolfsson, Magnus P."]
[Result "0-1"]
[WhiteElo "2018"]
[WhiteFideId "2314339"]
[BlackElo "2174"]
[BlackFideId "2301016"]
[Variant "Standard"]
[StudyName "ROpen 2025 - Rd9 - Boards 45-108"]
1. d4 c5 2. d5 Nf6 3. c4 d6 4. Nc3 g6 5. e4 Bg7 6. Nf3 O-O 7. Be2 a6 8. a4 e6 9. O-O exd5 10. cxd5 Re8 11. Nd2 Nbd7 12. Qc2 Rb8 13. Nc4 Ne5 14. h3 Nxc4 15. Bxc4 Nh5 16. a5 Qh4 17. Re1 f5 18. Bd2 f4 19. Be2 Bd4 20. Nd1 Bxh3 21. gxh3 Qg3+ 22. Kh1 Qxh3+ 23. Kg1 Re5 24. Ne3 Bxe3 0-1

[Event "Reykjavik Open 2025"]
[Site "Reykjavik"]
[Date "2025.04.15"]
[Round "9.66"]
[White "Raghu, Ram Reddy Seelam"]
[Black "Joel, Paul Ganta"]
[Result "1/2-1/2"]
[WhiteElo "1984"]
[WhiteFideId "25697331"]
[BlackElo "2170"]
[BlackFideId "35066145"]
[Variant "Standard"]
[StudyName "ROpen 2025 - Rd9 - Boards 45-108"]
1. e4 c5 2. Nf3 d6 3. d4 cxd4 4. Nxd4 Nf6 5. Nc3 a6 6. h3 e5 7. Nde2 h5 8. Bg5 Be6 9. Bxf6 Qxf6 10. Nd5 Qd8 11. Nec3 Nd7 12. Bc4 Rc8 13. Qe2 g6 14. Ne3 Nc5 15. Bxe6 Nxe6 16. Ncd5 Bg7 17. O-O O-O 18. Rfd1 Kh7 19. c3 Qh4 20. Nc4 Rcd8 21. Nd2 Nf4 22. Nxf4 exf4 23. Nf3 Qe7 24. Rd5 Kg8 25. Qd3 Rfe8 26. Re1 b5 1/2-1/2

[Event "Reykjavik Open 2025"]
[Site "Reykjavik"]
[Date "2025.04.15"]
[Round "9.68"]
[White "Villiers, Thomas"]
[Black "Alquist, Erik"]
[Result "1-0"]
[WhiteElo "2154"]
[WhiteFideId "427209"]
[BlackElo "2024"]
[BlackFideId "1707701"]
[Variant "Standard"]
[StudyName "ROpen 2025 - Rd9 - Boards 45-108"]
1. e4 e5 2. Nf3 Nc6 3. Bb5 a6 4. Ba4 Nf6 5. O-O d6 6. Re1 Bd7 7. c3 g6 8. d3 Bg7 9. Nbd2 O-O 10. Nf1 h6 11. Ne3 Kh8 12. Bc2 Nh5 13. d4 Nf4 14. Nd5 Ne6 15. Be3 f5 16. exf5 gxf5 17. g3 Ne7 18. Nxe7 Qxe7 19. Nh4 Rf6 20. dxe5 dxe5 21. Nxf5 Qf7 22. Nxg7 Qxg7 23. Be4 Nf4 24. Bxf4 exf4 25. Qd4 c6 26. Bg2 Raf8 27. Rad1 Be6 28. a3 h5 29. Re5 Qf7 30. gxf4 Kh7 31. Be4+ Kh6 32. f5 Bxf5 33. Qe3+ Kg6 34. Rxf5 Rxf5 35. Rd6+ 1-0

[Event "Reykjavik Open 2025"]
[Site "Reykjavik"]
[Date "2025.04.15"]
[Round "9.69"]
[White "Wadelek, Karol"]
[Black "Alrehaili, Ahmed Abdullah S"]
[Result "0-1"]
[WhiteElo "1979"]
[WhiteFideId "1176307"]
[BlackElo "2152"]
[BlackTitle "FM"]
[BlackFideId "21518840"]
[Variant "Standard"]
[StudyName "ROpen 2025 - Rd9 - Boards 45-108"]
1. d4 Nf6 2. Nc3 e6 3. Bf4 d5 4. e3 Bd6 5. Nf3 O-O 6. Ne5 a6 7. g4 c5 8. g5 Ne8 9. Qh5 Nc6 10. Nxc6 bxc6 11. Be5 cxd4 12. exd4 Bxe5 13. dxe5 Qb6 14. Bd3 g6 15. Qe2 Ng7 16. Nd1 Nh5 17. c3 d4 18. cxd4 Qxd4 19. Qe4 Rd8 20. Qxd4 Rxd4 21. Be2 Re4 22. Nc3 Rxe5 23. O-O-O Nf4 24. Rd8+ Kg7 25. Bc4 a5 26. Rhd1 Nd5 27. Bxd5 cxd5 28. f4 Rf5 29. Rd4 Bb7 30. Rxa8 Bxa8 31. h4 Bc6 32. a4 f6 33. b4 e5 34. gxf6+ Kxf6 35. Nxd5+ Bxd5 36. Rxd5 Rxf4 37. bxa5 Rxh4 38. Kb2 Rxa4 39. Kb3 Ra1 40. Kb2 Ke6 41. Rb5 Rf1 42. Rb7 h5 43. a6 Rf8 44. a7 Ra8 45. Kc3 h4 46. Kd3 Kf5 47. Rf7+ Kg4 48. Ke4 h3 49. Rh7 g5 50. Kxe5 Kg3 51. Rb7 h2 52. Rb3+ Kh4 53. Rb7 g4 54. Kf4 Rf8+ 55. Ke3 Kg3 56. Rb1 Rf3+ 57. Kd4 Rf4+ 58. Ke5 Ra4 59. Rb3+ Kg2 60. Rb2+ Kh3 61. Rb7 h1=Q 0-1

[Event "Reykjavik Open 2025"]
[Site "Reykjavik"]
[Date "2025.04.15"]
[Round "9.70"]
[White "Haertig, Jens"]
[Black "Luk, Danbe"]
[Result "0-1"]
[WhiteElo "2149"]
[WhiteFideId "24602558"]
[BlackElo "2018"]
[BlackFideId "66203287"]
[Variant "Standard"]
[StudyName "ROpen 2025 - Rd9 - Boards 45-108"]
1. c4 e6 2. Nf3 d5 3. e3 Nf6 4. Nc3 Bd6 5. d4 O-O 6. c5 Be7 7. Rb1 Nbd7 8. Bd3 Re8 9. b4 Bf8 10. Bb2 e5 11. dxe5 Nxe5 12. Nxe5 Rxe5 13. Ne2 Re8 14. O-O c6 15. Qc2 g6 16. a4 { [%cal Gb4b5] } 16... Bg7 17. Nd4 Ne4 18. f3 Nf6 19. Rfe1 Nd7 20. Rbd1 Qg5 21. f4 Qe7 22. e4 dxe4 23. Rxe4 Qf8 24. Rde1 Rxe4 25. Bxe4 Nf6 26. Bf3 Bg4 27. g3 Re8 28. Qf2 Bxf3 29. Nxf3 Ng4 30. Qd2 Bxb2 31. Qxb2 Rxe1+ 32. Nxe1 Qe7 33. Nf3 Qe3+ 34. Kg2 Qe4 35. Qd2 Ne3+ 36. Kf2 Nd5 37. Ne5 Qh1 38. Qe1 Qxh2+ 39. Kf3 Qa2 40. b5 Qxa4 41. Qe2 Qxb5 0-1

[Event "Reykjavik Open 2025"]
[Site "Reykjavik"]
[Date "2025.04.15"]
[Round "9.71"]
[White "Ptacnikova, Lenka"]
[Black "Stranger, Morris"]
[Result "1-0"]
[WhiteElo "2142"]
[WhiteFideId "305650"]
[BlackElo "2018"]
[BlackFideId "426342"]
[Variant "Standard"]
[StudyName "ROpen 2025 - Rd9 - Boards 45-108"]
1. c4 e6 2. Nf3 d5 3. e3 Nf6 4. Nc3 c6 5. b3 Nbd7 6. Bb2 e5 7. cxd5 cxd5 8. Qc1 a6 9. Ba3 Bxa3 10. Qxa3 Qe7 11. Qxe7+ Kxe7 12. d4 e4 13. Nd2 Kd6 14. f3 Re8 15. Kf2 b5 16. b4 Nb6 17. a4 bxa4 18. Nxa4 Nxa4 19. Rxa4 Bb7 20. Be2 Rec8 21. Rha1 Rc2 22. Nb3 Rb2 23. Na5 Bc8 24. R1a2 Rb1 25. Rc2 Bd7 26. Nb7+ Ke7 27. Rxa6 Rxa6 28. Bxa6 Rxb4 29. Nc5 exf3 30. gxf3 Bf5 31. Ra2 Bb1 32. Rd2 g5 33. Bc8 Ne8 34. Bb7 Nf6 35. Kg3 h6 36. h4 gxh4+ 37. Kxh4 Bf5 38. Rh2 Rb1 39. Kg3 h5 40. Kf4 Bg6 41. Bc6 Rf1 42. Bb5 Re1 43. Ra2 Rg1 44. Ra7+ Kf8 45. Nd7+ Kg7 46. Nxf6 Kxf6 47. Ra6+ Kg7 48. Bc6 Bd3 49. Ra7 Bc4 50. Be8 Kh6 51. Bxf7 Rg7 52. Rd7 h4 53. Be6 Rg1 54. Bf5 Rg7 55. Rd6+ 1-0

[Event "Reykjavik Open 2025"]
[Site "Reykjavik"]
[Date "2025.04.15"]
[Round "9.72"]
[White "Jaksland, Tim"]
[Black "Tripathi, Pratyush"]
[Result "1/2-1/2"]
[WhiteElo "2140"]
[WhiteFideId "1401084"]
[BlackElo "2011"]
[BlackFideId "1763121"]
[Variant "Standard"]
[StudyName "ROpen 2025 - Rd9 - Boards 45-108"]
1. e4 c6 2. Nf3 d5 3. Nc3 dxe4 4. Nxe4 Nf6 5. Qe2 Nxe4 6. Qxe4 Qd5 7. Qh4 Qf5 8. Bd3 Qg4 9. Qxg4 Bxg4 10. Be2 Nd7 11. d4 e6 12. Be3 Be7 13. O-O-O O-O 14. h3 Bxf3 15. Bxf3 Nb6 16. Rhe1 Nc4 17. Bf4 Bd6 18. Bxd6 Nxd6 19. b3 Nf5 20. g3 Rfd8 21. c3 Kf8 22. Kb2 Rd7 23. Kc2 Rad8 24. Be4 Ne7 25. Bd3 Nd5 26. Re2 g6 27. a3 h5 28. h4 Kg7 29. Red2 1/2-1/2

[Event "Reykjavik Open 2025"]
[Site "Reykjavik"]
[Date "2025.04.15"]
[Round "9.73"]
[White "Arruebarrena Rodriguez, Rafael"]
[Black "Kristinsson, Ogmundur"]
[Result "1/2-1/2"]
[WhiteElo "2129"]
[WhiteFideId "3901092"]
[BlackElo "2000"]
[BlackFideId "2304724"]
[Variant "Standard"]
[StudyName "ROpen 2025 - Rd9 - Boards 45-108"]
1. e4 e5 2. Nf3 Nc6 3. Bb5 a6 4. Ba4 Nf6 5. O-O b5 6. Bb3 Be7 7. d3 O-O 8. Nc3 d6 9. a3 Bg4 10. Be3 Nd4 11. Bxd4 exd4 12. Nd5 c6 13. Nxf6+ Bxf6 14. h3 Be6 15. Bxe6 fxe6 16. e5 Bxe5 17. Qe2 Rf5 18. g4 Rf6 19. Nxe5 dxe5 20. Qxe5 Qd5 21. Qxd5 cxd5 22. f3 Rc8 23. Rf2 Kf7 24. Re1 g5 25. Re5 h6 26. Kg2 Ke7 27. h4 Kd6 28. hxg5 Kxe5 29. Re2+ Kd6 30. gxf6 Rf8 31. f4 Rxf6 32. Kf3 a5 33. Rh2 e5 34. f5 Ke7 35. Kg3 b4 36. Re2 Kd6 37. Kh4 Rf8 38. axb4 axb4 39. b3 Rg8 40. Re1 Re8 41. Kh5 e4 42. dxe4 dxe4 43. Kxh6 Ke5 44. Kg7 Re7+ 45. Kg6 Rc7 46. f6 Rxc2 47. f7 Rf2 48. Ra1 Ke6 49. Ra6+ Ke7 50. Ra7+ Ke6 51. Ra6+ 1/2-1/2

[Event "Reykjavik Open 2025"]
[Site "Reykjavik"]
[Date "2025.04.15"]
[Round "9.74"]
[White "Heidarsson, Mikael Bjarki"]
[Black "Zhou, Guijue"]
[Result "0-1"]
[WhiteElo "1973"]
[WhiteFideId "2317532"]
[BlackElo "2127"]
[BlackFideId "8602905"]
[Variant "Standard"]
[StudyName "ROpen 2025 - Rd9 - Boards 45-108"]
1. d4 Nf6 2. c4 e6 3. g3 Bb4+ 4. Nd2 O-O 5. Bg2 d5 6. Nf3 b6 7. cxd5 exd5 8. O-O Bb7 9. Ne5 Qe7 10. a3 Bd6 11. Ndc4 Bxe5 12. Nxe5 Ne4 13. Qc2 c5 14. f3 Nf6 15. Be3 Nbd7 16. f4 Nxe5 17. dxe5 Rad8 18. Kh1 Nd7 19. Qd2 d4 20. Bg1 Bxg2+ 21. Kxg2 f6 22. exf6 Nxf6 23. h3 Qe4+ 24. Kh2 Rfe8 25. Rae1 Rd6 26. Qd3 Ng4+ 0-1

[Event "Reykjavik Open 2025"]
[Site "Reykjavik"]
[Date "2025.04.15"]
[Round "9.75"]
[White "Elier, Ali"]
[Black "Petursson, Gudni"]
[Result "1-0"]
[WhiteElo "2125"]
[WhiteFideId "16217543"]
[BlackElo "1987"]
[BlackFideId "2301725"]
[Variant "Standard"]
[StudyName "ROpen 2025 - Rd9 - Boards 45-108"]
1. e4 e6 2. Qe2 c5 3. f4 Nc6 4. Nf3 d6 5. c3 Be7 6. d4 cxd4 7. cxd4 d5 8. e5 Nh6 9. Be3 Nf5 10. Bf2 O-O 11. g4 Nh4 12. Nbd2 Nxf3+ 13. Qxf3 f6 14. Qh3 fxe5 15. fxe5 Rxf2 16. Kxf2 Bh4+ 17. Kg2 Nxd4 18. Bd3 Qg5 19. Nf3 Nxf3 20. Qxf3 Bd7 21. Rhf1 Qe7 22. b4 Bg5 23. Rf2 Bh4 24. Rff1 Bg5 25. b5 g6 26. a4 Rc8 27. Ra2 Bh6 28. Raf2 Bg7 29. Qe3 b6 30. Rf7 Qxf7 31. Rxf7 Kxf7 32. a5 Rc5 33. Qe1 Ke8 34. axb6 axb6 35. Qa1 d4 36. Qa8+ Bc8 37. Qa7 Bxe5 38. Qxh7 Bd7 39. Qxg6+ Kd8 40. h4 Bc8 41. Qf7 Rc3 42. g5 Rxd3 43. Qg8+ 1-0

[Event "Reykjavik Open 2025"]
[Site "Reykjavik"]
[Date "2025.04.15"]
[Round "9.76"]
[White "Le Pen, Steven"]
[Black "Bathula, Abhinav Reddy"]
[Result "1/2-1/2"]
[WhiteElo "2125"]
[WhiteFideId "612197"]
[BlackElo "1979"]
[BlackFideId "35005693"]
[Variant "Standard"]
[StudyName "ROpen 2025 - Rd9 - Boards 45-108"]
1. e4 c5 2. Nf3 d6 3. d4 cxd4 4. Nxd4 Nf6 5. Nc3 a6 6. h3 e5 7. Nde2 b5 8. g4 Be6 9. Bg2 Be7 10. Be3 Nc6 11. Nd5 O-O 12. O-O Rc8 13. a4 Nd7 14. axb5 axb5 15. Nec3 Bxd5 16. exd5 Na5 17. Nxb5 Nc4 18. Bc1 Qb6 19. Na3 Nxb2 20. Qe2 Nc4 21. Nxc4 Qb5 22. Ra7 Bd8 23. Rxd7 Qxd7 24. Ne3 Bg5 25. Be4 g6 26. Bd3 Qa7 27. Nc4 Bxc1 28. Rxc1 Qc5 29. Qe3 Qb4 30. Nb6 Rc7 31. Ra1 f5 32. f3 e4 33. fxe4 fxe4 34. Bxe4 Re7 35. Ra4 Rxe4 36. Qxe4 Qxb6+ 37. Rd4 Qb1+ 38. Kh2 Qf1 39. Rd2 Rf2+ 40. Rxf2 Qxf2+ 41. Qg2 Qf4+ 42. Qg3 Qd2+ 43. Kg1 Qd1+ 44. Kh2 Qxc2+ 45. Qg2 Qd3 46. Qa2 Qd4 47. Qa8+ Kg7 48. Qb7+ Kf6 49. Qxh7 Qf2+ 1/2-1/2

[Event "Reykjavik Open 2025"]
[Site "Reykjavik"]
[Date "2025.04.15"]
[Round "9.78"]
[White "Jonsson, Gauti Pall"]
[Black "Deepak Ambattu, Rithvik"]
[Result "0-1"]
[WhiteElo "2122"]
[WhiteFideId "2309092"]
[BlackElo "1971"]
[BlackFideId "2410060"]
[Variant "Standard"]
[StudyName "ROpen 2025 - Rd9 - Boards 45-108"]
1. e4 c5 2. Nf3 d6 3. d4 cxd4 4. Nxd4 Nf6 5. f3 e5 6. Nb3 d5 7. Bg5 Be6 8. Bxf6 gxf6 9. exd5 Qxd5 10. Qxd5 Bxd5 11. Nc3 Be6 12. Nb5 Na6 13. O-O-O Bh6+ 14. Kb1 Ke7 15. Bd3 f5 16. Rhe1 Bg7 17. a3 Rhd8 18. Bf1 Bf6 19. Rxd8 Rxd8 20. Nxa7 Bxb3 21. Bxa6 Rd2 22. Bd3 Be6 23. Bf1 e4 24. fxe4 fxe4 25. Nb5 Be5 26. Nc3 f5 27. h3 Bxc3 28. bxc3 Rf2 29. g3 Kf6 30. Kc1 Ke5 31. Kd1 Bd5 32. Bb5 Rf3 33. Rg1 Rxc3 34. a4 Kd4 35. Rf1 Be6 36. g4 fxg4 37. hxg4 Bxg4+ 38. Kc1 Bf3 39. Rg1 Rc7 40. Rg8 Ke3 41. a5 Kf2 42. a6 bxa6 43. Bxa6 e3 44. Rh8 e2 45. Bxe2 Bxe2 46. Kd2 Rd7+ 47. Kc3 h5 48. Kb4 Rc7 49. c4 Rxc4+ 50. Kb3 Rc7 0-1

[Event "Reykjavik Open 2025"]
[Site "Reykjavik"]
[Date "2025.04.15"]
[Round "9.79"]
[White "Smit, Emeline"]
[Black "Hartung, Thomas"]
[Result "1/2-1/2"]
[WhiteElo "1926"]
[WhiteFideId "1042262"]
[BlackElo "2118"]
[BlackFideId "24668273"]
[Variant "Standard"]
[StudyName "ROpen 2025 - Rd9 - Boards 45-108"]
1. e4 e6 2. d4 d5 3. Nc3 Nf6 4. exd5 exd5 5. Bd3 c5 6. dxc5 Bxc5 7. Nf3 O-O 8. O-O h6 9. h3 Nc6 10. Ne2 Nb4 11. c3 Nxd3 12. Qxd3 Re8 13. Ned4 Bd7 14. Be3 Qc7 15. Nh4 Re4 16. Nhf5 Rae8 17. Rae1 Qc8 18. Ng3 R4e7 19. b4 Bxd4 20. Qxd4 a6 21. Rc1 Bxh3 22. Qh4 Bd7 23. Bxh6 Qc4 24. f4 gxh6 25. Qxf6 Re6 26. Qh4 Rg6 27. Nh5 Kh8 28. Nf6 Re2 29. Rf2 Bf5 30. Rcf1 Rxf2 31. Rxf2 Qxc3 32. Nxd5 Qe1+ 33. Kh2 Be4 34. Qh5 Qxf2 35. Qe5+ Rg7 36. Qxe4 Qh4+ 37. Kg1 Qd8 38. Qe5 Kg8 39. Ne7+ Kf8 40. Nf5 Qd1+ 41. Kh2 Qh5+ 42. Kg1 1/2-1/2

[Event "Reykjavik Open 2025"]
[Site "Reykjavik"]
[Date "2025.04.15"]
[Round "9.80"]
[White "Ponnio, Toni"]
[Black "Tinkler, Paul"]
[Result "1-0"]
[WhiteElo "2103"]
[WhiteFideId "509604"]
[BlackElo "1894"]
[BlackFideId "30961289"]
[Variant "Standard"]
[StudyName "ROpen 2025 - Rd9 - Boards 45-108"]
1. c4 f5 2. d4 g6 3. h4 Nh6 4. Nc3 Nf7 5. h5 g5 6. e3 d6 7. d5 Bg7 8. Nf3 c5 9. Qa4+ Bd7 10. Qc2 e5 11. dxe6 Bxe6 12. Bd3 Nh6 13. Bd2 O-O 14. Nd5 Nc6 15. Bc3 Bxd5 16. cxd5 Nb4 17. Qd2 Nxd3+ 18. Qxd3 Bxc3+ 19. Qxc3 g4 20. Nd2 b5 21. a4 a6 22. Nb3 Qe7 23. O-O-O Qg7 24. Na5 bxa4 25. Qxg7+ Kxg7 26. Nc4 Nf7 27. e4 fxe4 28. Rh4 Nh6 29. Rd2 Kf6 30. Nxd6 Ke5 31. Nc4+ Kf4 32. g3+ Kg5 33. Ne3 Nf5 34. Rxg4+ Kxh5 35. f4 1-0

[Event "Reykjavik Open 2025"]
[Site "Reykjavik"]
[Date "2025.04.15"]
[Round "9.81"]
[White "Bernhard, Sebastian"]
[Black "Liu, Meng"]
[Result "1/2-1/2"]
[WhiteElo "1914"]
[WhiteFideId "1271149"]
[BlackElo "2079"]
[BlackFideId "8620644"]
[Variant "Standard"]
[StudyName "ROpen 2025 - Rd9 - Boards 45-108"]
1. e4 c5 2. Nf3 a6 3. c4 Nc6 4. d4 cxd4 5. Nxd4 e5 6. Nxc6 bxc6 7. Be3 Nf6 8. Nc3 Bb4 9. Bd3 O-O 10. O-O d6 11. Na4 c5 12. Qf3 Bg4 13. Qg3 Bd7 14. Nc3 Bxc3 15. bxc3 Nh5 16. Qf3 Nf6 17. Rab1 Ne8 18. Qd1 f6 19. Be2 Be6 20. Qa4 Rf7 21. Rfd1 Qc7 22. h3 Bd7 23. Qa3 Bc6 24. Bd3 Rd7 25. Qb3 Rdd8 26. Bc2 Rdb8 27. Qa3 a5 28. f3 a4 29. Rxb8 Rxb8 30. Rb1 Rxb1+ 31. Bxb1 Qb6 32. Bc2 Qa6 33. Bd3 Nc7 34. Qb2 Qb7 35. Qd2 Na8 36. Bc2 Qb8 37. Qd1 Nb6 38. Qb1 Qa7 39. Bd3 Qa6 40. Bf2 Bd7 41. a3 Kf8 42. f4 Be6 43. fxe5 fxe5 44. Qd1 Kg8 45. Qh5 Qc8 46. Qd1 h6 47. Bc2 Qc6 48. Bd3 Bxc4 49. Qb1 Kh7 50. Bh4 Bb3 51. Qf1 Qd7 52. Bb5 Qe6 53. Qf5+ Qxf5 54. exf5 Bc4 55. Bd8 Bxb5 56. Bxb6 e4 57. Kf2 Kg8 58. Bc7 d5 59. Bd6 d4 60. cxd4 cxd4 61. Bc5 d3 62. Bb4 Kf7 63. Ke3 Bc6 64. Bc3 g6 65. fxg6+ Kxg6 66. g3 h5 67. Kf4 Kf7 68. h4 Ke6 69. Bd2 Kd5 70. Ke3 Ke5 71. Bc3+ Kf5 72. Bd2 Kg4 73. Kf2 Kf5 74. Ke3 Ke5 75. Bc3+ Kd5 76. Bb4 Kc4 77. Kd2 Kb3 78. Bc5 Bd7 79. Bb4 Kb2 80. Bc5 Bg4 81. Bb4 Be2 82. Bc5 Bf1 83. Bb4 Kb3 84. Bc5 Bh3 85. Bb4 Bf5 86. Bc5 Kc4 87. Bb4 1/2-1/2